En torno a la denominada responsabilidad penal de la persona jurd̕ica

Bibliographic Details
Main Author: Cesano, Jos ̌Daniel
Format: eBook
Language:Spanish
Published: Cr̤doba: Alveroni, 1998
Subjects:
Online Access:Acceso restringido

MARC

LEADER 00000nam a22000007a 4500
005 20140403002310.0
007 cr|||| ||||
008 140403s1998 ar |||||s|||| 00||0 spa d
035 |a 11839 
040 |a vLex 
090 |c 4748  |d 4748 
100 1 |a Cesano, Jos ̌Daniel 
245 1 3 |a En torno a la denominada responsabilidad penal de la persona jurd̕ica  |h [Recurso electrn̤ico] /  |c Jos ̌Daniel Cesano 
256 |a Servicio en ln̕ea 
260 |a Cr̤doba:  |b Alveroni,  |c 1998 
300 |a 1 recurso electrn̤ico 
506 |a Disponible solo en los productos indicados  |d vLex Global  |d vLex Global (Academic Edition, excluding Law Schools)  |d vLex Global (U.S. Academic Edition, Law Schools)  |d vLex Global (U.S. Academic Edition, excluding Law Schools)  |d vLex Global (Academic Edition, Law Schools) 
650 0 4 |a Derecho Penal  |z Argentina 
740 0 |a vLex Libros (Servicio en ln̕ea) 
856 4 0 |u http://vlex.com/source/torno-denominada-responsabilidad-penal-persona-juridica-11839  |z Acceso restringido 
942 |c BOOK 
999 0 |a Criminal Law